[Event "Mecklenburg VP LL 0910"]
[Site "Mecklenburg VP"]
[Date "2010.03.28"]
[Round "6.1"]
[White "Kutschke, Peter"]
[Black "Lang, Henry"]
[Result "1-0"]
[WhiteElo "1962"]
[BlackElo "1982"]
[PlyCount "75"]
[EventDate "2009.10.18"]
[EventType "team-tourn"]
[EventRounds "9"]
[EventCountry "GER"]
[SourceTitle "EXT 2016"]
[Source "ChessBase"]
[SourceDate "2015.10.08"]
[SourceVersion "1"]
[SourceVersionDate "2015.10.08"]
[SourceQuality "1"]
[WhiteTeam "Rostock Uni"]
[BlackTeam "Stralsund FHSG"]
[WhiteTeamCountry "GER"]
[BlackTeamCountry "GER"]

1. e4 e6 2. c4 d5 3. exd5 exd5 4. cxd5 Qxd5 5. Nc3 Qa5 6. d4 Nf6 7. Nf3 Be7 8. Bc4 0-0 9. 0-0 Bg4 10. Re1 Bb4 11. Re5 Qb6 12. Rb5 Qd6 13. a3 Bxc3 14. bxc3 Nbd7 15. Be2 Rfe8 16. c4 b6 17. Be3 c6 18. Rb3 Ne4 19. h3 Bh5 20. a4 f5 21. Qc1 h6 22. Bf4 Qe7 23. Bf1 g5 24. Be5 Bxf3 25. gxf3 Nef6 26. f4 Nxe5 27. fxe5 Nh5 28. Qd1 Nf4 29. Qf3 Qe6 30. Rd1 Red8 31. d5 cxd5 32. cxd5 Qxe5 33. d6 Rac8 34. Re3 Qf6 35. d7 Rc7 36. Re8+ Kg7 37. Qb3 Rcxd7 38. Qg8# 1-0

[Event "Mecklenburg VP LL 0910"]
[Site "Mecklenburg VP"]
[Date "2010.01.24"]
[Round "5.1"]
[White "Holzmann, Joerg"]
[Black "Lang, Henry"]
[Result "1/2-1/2"]
[WhiteElo "1996"]
[BlackElo "1982"]
[PlyCount "44"]
[EventDate "2009.10.18"]
[EventType "team-tourn"]
[EventRounds "9"]
[EventCountry "GER"]
[SourceTitle "EXT 2016"]
[Source "ChessBase"]
[SourceDate "2015.10.08"]
[SourceVersion "1"]
[SourceVersionDate "2015.10.08"]
[SourceQuality "1"]
[WhiteTeam "Rostock SSC 07 II"]
[BlackTeam "Stralsund FHSG"]
[WhiteTeamCountry "GER"]
[BlackTeamCountry "GER"]

1. c4 f5 2. d4 Nf6 3. Nc3 d6 4. Nf3 g6 5. Qc2 Bg7 6. g3 0-0 7. Bg2 Qe8 8. Bg5 c6 9. d5 Bd7 10. 0-0 Na6 11. Rad1 Rb8 12. a3 Nc7 13. Qd2 c5 14. b4 cxb4 15. axb4 Na6 16. Rb1 Rc8 17. Qd3 Ne4 18. Bd2 h6 19. Rfc1 Qf7 20. Nd1 Nxd2 21. Qxd2 Kh8 22. Nd4 Qf6 1/2-1/2

[Event "Mecklenburg VP LL 0809"]
[Site "Mecklenburg VP"]
[Date "2008.12.14"]
[Round "4.1"]
[White "Schinke, Andreas"]
[Black "Lang, Henry"]
[Result "1-0"]
[WhiteElo "2009"]
[BlackElo "1956"]
[PlyCount "89"]
[EventDate "2008.10.05"]
[EventType "team-tourn"]
[EventRounds "9"]
[EventCountry "GER"]
[SourceTitle "EXT 2022"]
[Source "ChessBase"]
[SourceDate "2021.10.06"]
[SourceVersion "1"]
[SourceVersionDate "2021.10.06"]
[SourceQuality "1"]
[WhiteTeam "Rostock HSG Uni"]
[BlackTeam "Stralsund FHSG"]
[WhiteTeamCountry "GER"]
[BlackTeamCountry "GER"]

1. e4 e6 2. d4 d5 3. Nd2 dxe4 4. Nxe4 Be7 5. Nf3 Nf6 6. Nxf6+ Bxf6 7. Bd3 Nd7 8. 0-0 0-0 9. Qe2 c5 10. c3 cxd4 11. cxd4 Nb6 12. Rd1 Nd5 13. a3 Be7 14. Ne5 f5 15. Bd2 Bg5 16. Rac1 Bxd2 17. Qxd2 Qh4 18. Nf3 Qf4 19. Qxf4 Nxf4 20. Ne5 b6 21. Bc4 Bb7 22. g3 Nd5 23. Bxd5 Bxd5 24. Rc7 Rfc8 25. Rdc1 Rxc7 26. Rxc7 b5 27. Kf1 a5 28. Nc6 Bc4+ 29. Ke1 a4 30. Kd2 h6 31. Kc3 Kh7 32. Ne5 Bb3 33. h4 h5 34. Rc5 Rb8 35. Kb4 Bc4 36. f4 Bf1 37. Rc7 Rd8 38. Nd7 Kg6 39. Kc5 Kf7 40. Ne5+ Kg8 41. Rd7 Rc8+ 42. Kd6 Rc2 43. Ke7 Bc4 44. Rd8+ Kh7 45. Nf7 1-0

[Event "Mecklenburg VP LL 0809"]
[Site "Mecklenburg VP"]
[Date "2008.10.05"]
[Round "1.1"]
[White "Stutz, Reno"]
[Black "Lang, Henry"]
[Result "1/2-1/2"]
[WhiteElo "2004"]
[BlackElo "1956"]
[PlyCount "50"]
[EventDate "2008.10.05"]
[EventType "team-tourn"]
[EventRounds "9"]
[EventCountry "GER"]
[SourceTitle "EXT 2022"]
[Source "ChessBase"]
[SourceDate "2021.10.06"]
[SourceVersion "1"]
[SourceVersionDate "2021.10.06"]
[SourceQuality "1"]
[WhiteTeam "Wismar ASV Gruen-Weiss"]
[BlackTeam "Stralsund FHSG"]
[WhiteTeamCountry "GER"]
[BlackTeamCountry "GER"]

1. e4 e6 2. d4 d5 3. Nd2 dxe4 4. Nxe4 Nf6 5. Nxf6+ Qxf6 6. Nf3 Qd8 7. Be3 c6 8. Bd3 Nd7 9. 0-0 Nf6 10. c4 Be7 11. Qc2 0-0 12. Rfd1 h6 13. h3 Qc7 14. Qd2 Nh7 15. Rac1 c5 16. dxc5 Bxc5 17. Bxc5 Qxc5 18. b4 Qe7 19. c5 Nf6 20. Ne5 Qc7 21. Nc4 Bd7 22. Nd6 Bc6 23. b5 Bd5 24. a4 b6 25. Qb4 Rad8 1/2-1/2

[Event "Mecklenburg VP LL 0708"]
[Site "Mecklenburg VP"]
[Date "2008.03.09"]
[Round "7.3"]
[White "Lang, Henry"]
[Black "Oldach, Ehrenfried"]
[Result "1-0"]
[WhiteElo "1906"]
[BlackElo "1983"]
[PlyCount "157"]
[EventDate "2007.10.21"]
[EventType "team-tourn"]
[EventRounds "9"]
[EventCountry "GER"]
[SourceTitle "EXT 2016"]
[Source "ChessBase"]
[SourceDate "2015.10.08"]
[SourceVersion "1"]
[SourceVersionDate "2015.10.08"]
[SourceQuality "1"]
[WhiteTeam "Stralsund FHSG"]
[BlackTeam "Warnemuende SF Ostsee"]
[WhiteTeamCountry "GER"]
[BlackTeamCountry "GER"]

1. Nf3 Nf6 2. c4 c6 3. d4 d5 4. Nc3 e6 5. Bg5 Be7 6. e3 Nbd7 7. Bd3 h6 8. Bh4 dxc4 9. Bxc4 Nb6 10. Bd3 Nfd5 11. Bxe7 Qxe7 12. 0-0 0-0 13. e4 Nf4 14. Ne2 Nxd3 15. Qxd3 Rd8 16. Qc2 Nd7 17. Rfd1 Re8 18. e5 f5 19. Nd2 Nb6 20. a3 Rf8 21. Nf4 Qf7 22. Nc4 Nxc4 23. Qxc4 g5 24. Nd3 f4 25. f3 b6 26. Nf2 Bb7 27. Ne4 Rab8 28. Nd6 Qe7 29. Nxb7 Rxb7 30. Qxc6 Rc7 31. Qe4 Kg7 32. Rac1 Rfc8 33. Rxc7 Qxc7 34. h4 Qc2 35. Qxc2 Rxc2 36. hxg5 hxg5 37. d5 exd5 38. Rxd5 Kf7 39. Rd7+ Ke6 40. Rxa7 Rxb2 41. Rg7 Kxe5 42. Rxg5+ Kf6 43. Rg8 b5 44. Ra8 Re2 45. Rf8+ Kg5 46. Rb8 Re5 47. Kf2 Rc5 48. Ke1 Kh4 49. Rg8 Rc3 50. Rg4+ Kh5 51. Rxf4 Rxa3 52. Rf5+ Kh4 53. Rxb5 Ra2 54. Kf1 Ra1+ 55. Kf2 Ra2+ 56. Kg1 Rc2 57. Kh2 Ra2 58. Rb4+ Kh5 59. Kg3 Ra5 60. Rh4+ Kg5 61. f4+ Kg6 62. Kg4 Ra4 63. Rh8 Rb4 64. Ra8 Rb6 65. Ra5 Kf6 66. Rh5 Kg6 67. f5+ Kg7 68. Kg5 Rb5 69. g4 Ra5 70. Rh6 Rb5 71. Rc6 Rb7 72. Rg6+ Kh7 73. Rh6+ Kg7 74. f6+ Kg8 75. Kg6 Rg7+ 76. Kf5 Ra7 77. Rh1 Ra5+ 78. Kg6 Ra7 79. f7+ 1-0

[Event "Mecklenburg VP LL 0708"]
[Site "Mecklenburg VP"]
[Date "2008.01.20"]
[Round "5.3"]
[White "Lang, Henry"]
[Black "Littke, Helmut"]
[Result "1/2-1/2"]
[WhiteElo "1906"]
[BlackElo "1989"]
[PlyCount "46"]
[EventDate "2007.10.21"]
[EventType "team-tourn"]
[EventRounds "9"]
[EventCountry "GER"]
[SourceTitle "EXT 2016"]
[Source "ChessBase"]
[SourceDate "2015.10.08"]
[SourceVersion "1"]
[SourceVersionDate "2015.10.08"]
[SourceQuality "1"]
[WhiteTeam "Stralsund FHSG"]
[BlackTeam "Wismar ASV Gruen-Weiss"]
[WhiteTeamCountry "GER"]
[BlackTeamCountry "GER"]

1. Nf3 d5 2. g3 Nf6 3. Bg2 e6 4. 0-0 c5 5. d3 Be7 6. c4 0-0 7. a3 Nc6 8. cxd5 exd5 9. Qc2 Bg4 10. Nbd2 Rc8 11. b3 Qd7 12. Re1 Rfe8 13. Bb2 d4 14. Nc4 Bf5 15. a4 b6 16. Nfe5 Nxe5 17. Nxe5 Qc7 18. Nc4 Rcd8 19. Rad1 a6 20. Bc1 Be6 21. Bf4 Qa7 22. Ne5 Rc8 23. Nc6 Qd7 1/2-1/2

[Event "Mecklenburg VP LL 0607"]
[Site "Mecklenburg VP"]
[Date "2007.04.01"]
[Round "8.3"]
[White "Roehl, Rainer"]
[Black "Lang, Henry"]
[Result "1/2-1/2"]
[WhiteElo "2082"]
[BlackElo "1876"]
[PlyCount "84"]
[EventDate "2006.10.15"]
[EventType "team"]
[EventRounds "9"]
[EventCountry "GER"]
[SourceTitle "EXT 2008"]
[Source "ChessBase"]
[SourceDate "2007.11.25"]
[SourceVersion "1"]
[SourceVersionDate "2007.11.25"]
[SourceQuality "1"]
[WhiteTeam "Neukloster"]
[BlackTeam "Stralsund FHSG"]
[WhiteTeamCountry "GER"]
[BlackTeamCountry "GER"]

1. d4 Nf6 2. Nf3 d5 3. e3 Bg4 4. c4 c6 5. cxd5 Bxf3 6. Qxf3 Qxd5 7. Be2 Qxf3 8. Bxf3 Nbd7 9. Nc3 e6 10. Bd2 Be7 11. Ke2 0-0 12. Rac1 Nb6 13. Ne4 Nxe4 14. Bxe4 Nd5 15. Rc4 Rfd8 16. Rb1 Rac8 17. b4 a6 18. Rcc1 Bd6 19. Bxd5 cxd5 20. b5 Rxc1 21. Bxc1 axb5 22. Rxb5 Ra8 23. Rb2 Ba3 24. Rc2 Bxc1 25. Rxc1 Rxa2+ 26. Kf3 g6 27. Rb1 Ra7 28. g4 Kg7 29. g5 h6 30. h4 hxg5 31. hxg5 Kf8 32. Kf4 Kg7 33. Rb6 Kf8 34. Ke5 Kg7 35. f3 Ra3 36. Kf4 Ra7 37. Ke5 Ra3 38. Kf4 Ra7 39. e4 Ra4 40. Ke5 Ra5 41. Kf4 Ra4 42. Ke5 Ra5 1/2-1/2

[Event "Mecklenburg VP LL 0607"]
[Site "Mecklenburg VP"]
[Date "2007.01.28"]
[Round "5.3"]
[White "Hammel, Ralf"]
[Black "Lang, Henry"]
[Result "1/2-1/2"]
[WhiteElo "2036"]
[BlackElo "1876"]
[PlyCount "63"]
[EventDate "2006.10.15"]
[EventType "team"]
[EventRounds "9"]
[EventCountry "GER"]
[SourceTitle "EXT 2008"]
[Source "ChessBase"]
[SourceDate "2007.11.25"]
[SourceVersion "1"]
[SourceVersionDate "2007.11.25"]
[SourceQuality "1"]
[WhiteTeam "Rostock Uni"]
[BlackTeam "Stralsund FHSG"]
[WhiteTeamCountry "GER"]
[BlackTeamCountry "GER"]

1. e4 e6 2. d4 d5 3. e5 c5 4. c3 Nc6 5. Nf3 Bd7 6. a3 Qc7 7. b4 cxd4 8. cxd4 Rc8 9. Bb2 Nge7 10. Be2 Ng6 11. h4 Be7 12. g3 Bd8 13. Nc3 a6 14. Rc1 Qb8 15. Na4 Na7 16. Nc5 Bb5 17. 0-0 Nf8 18. Bxb5+ axb5 19. Qd3 Rc7 20. a4 bxa4 21. b5 Rc8 22. Nxa4 Nd7 23. Ba3 Rxc1 24. Rxc1 Nc8 25. Qc3 Ncb6 26. Nxb6 Nxb6 27. Bd6 Qa8 28. Ra1 Qc8 29. Qxc8 Nxc8 30. Ra8 Nxd6 31. exd6 f6 32. Rb8 1/2-1/2

[Event "Mecklenburg VP LL 0506"]
[Site "Mecklenburg VP"]
[Date "2006.02.19"]
[Round "7.5"]
[White "Lang, Henry"]
[Black "Dede, Ruediger"]
[Result "1-0"]
[WhiteElo "1869"]
[BlackElo "1939"]
[PlyCount "99"]
[EventDate "2005.10.23"]
[EventType "team"]
[EventRounds "9"]
[EventCountry "GER"]
[SourceTitle "EXT 2008"]
[Source "ChessBase"]
[SourceDate "2007.11.25"]
[SourceVersion "1"]
[SourceVersionDate "2007.11.25"]
[SourceQuality "1"]
[WhiteTeam "Stralsund FHSG"]
[BlackTeam "Rostock Uni"]
[WhiteTeamCountry "GER"]
[BlackTeamCountry "GER"]

1. Nf3 Nf6 2. c4 g6 3. d4 Bg7 4. Nc3 0-0 5. e4 d6 6. Be2 Nbd7 7. 0-0 e5 8. d5 Nc5 9. Qc2 a5 10. Ne1 Re8 11. f3 Nh5 12. Be3 Nf4 13. Kh1 h5 14. Nd3 Ncxd3 15. Bxd3 c5 16. dxc6 bxc6 17. Rad1 Ne6 18. c5 dxc5 19. Na4 Nd4 20. Qxc5 Bf8 21. Qc1 Rb8 22. Bc4 Rb4 23. b3 Qd7 24. Bd2 Kh7 25. Bxb4 axb4 26. Nb6 Qa7 27. Nxc8 Rxc8 28. Qg5 Re8 29. Qf6 Re7 30. f4 Bg7 31. Qh4 Rc7 32. fxe5 Bxe5 33. Qf2 Kg7 34. h3 f6 35. Qh4 c5 36. g4 hxg4 37. Qxg4 Qxa2 38. Qg2 Qxg2+ 39. Kxg2 Nc2 40. Kf3 Nd4+ 41. Kg4 Ra7 42. Rf2 Kh6 43. h4 Rg7 44. Ra2 Rc7 45. Ra8 f5+ 46. exf5 gxf5+ 47. Kh3 Bf6 48. Ra6 Rc6 49. Rxc6 Nxc6 50. Rd6 1-0

[Event "Mecklenburg VP LL 0506"]
[Site "Mecklenburg VP"]
[Date "2005.11.27"]
[Round "3.5"]
[White "Lang, Henry"]
[Black "Junggebauer, Thomas"]
[Result "1/2-1/2"]
[WhiteElo "1869"]
[BlackElo "1856"]
[PlyCount "36"]
[EventDate "2005.10.23"]
[EventType "team"]
[EventRounds "9"]
[EventCountry "GER"]
[SourceTitle "EXT 2008"]
[Source "ChessBase"]
[SourceDate "2007.11.25"]
[SourceVersion "1"]
[SourceVersionDate "2007.11.25"]
[SourceQuality "1"]
[WhiteTeam "Stralsund FHSG"]
[BlackTeam "Wismar"]
[WhiteTeamCountry "GER"]
[BlackTeamCountry "GER"]

1. Nf3 d5 2. g3 Nf6 3. Bg2 c5 4. 0-0 Nc6 5. d3 e5 6. c4 Be7 7. cxd5 Nxd5 8. Qb3 Na5 9. Qa4+ Bd7 10. Qd1 Qc7 11. Bd2 Nc6 12. Nc3 Nxc3 13. Bxc3 0-0 14. Rc1 a5 15. a3 Be6 16. Nd2 Rfd8 17. Qc2 Rab8 18. a4 Nd4 1/2-1/2

[Event "Mecklenburg VP LL 0506"]
[Site "Mecklenburg VP"]
[Date "2005.11.13"]
[Round "2.4"]
[White "Lang, Henry"]
[Black "Kupfernagel, Michael"]
[Result "1-0"]
[WhiteElo "1869"]
[BlackElo "1947"]
[PlyCount "103"]
[EventDate "2005.10.23"]
[EventType "team"]
[EventRounds "9"]
[EventCountry "GER"]
[SourceTitle "EXT 2008"]
[Source "ChessBase"]
[SourceDate "2007.11.25"]
[SourceVersion "1"]
[SourceVersionDate "2007.11.25"]
[SourceQuality "1"]
[WhiteTeam "Stralsund FHSG"]
[BlackTeam "Schwerin II"]
[WhiteTeamCountry "GER"]
[BlackTeamCountry "GER"]

1. Nf3 c5 2. g3 e6 3. c4 d6 4. Bg2 Nc6 5. 0-0 Nge7 6. Nc3 a6 7. e3 Qc7 8. d4 Bd7 9. Ne4 Ng6 10. h4 Be7 11. b3 h6 12. Bb2 f5 13. Nc3 Bf6 14. d5 Nce7 15. dxe6 Bxe6 16. Qc2 0-0 17. Rad1 Rad8 18. Nd5 Nxd5 19. cxd5 Bd7 20. Bxf6 Rxf6 21. Bh3 Rff8 22. b4 b6 23. bxc5 bxc5 24. Rd2 Rfe8 25. Rb1 Rb8 26. Rdd1 Rxb1 27. Rxb1 Ne7 28. Qd2 Bb5 29. Ne1 Rf8 30. Bg2 Ng6 31. Nf3 Rb8 32. Qc2 Bd7 33. Rxb8+ Qxb8 34. h5 Ne7 35. e4 fxe4 36. Qxe4 Qf8 37. Nh4 Qf6 38. Qe2 Bb5 39. Qe1 Qf7 40. Qe4 Qf6 41. a4 Be8 42. Bf3 Kf8 43. Kg2 a5 44. Qe1 Bxa4 45. Qxa5 Bb3 46. Qa8+ Kf7 47. Be4 Qd4 48. Bg6+ Nxg6 49. hxg6+ Kf6 50. Qf8+ Ke5 51. Nf3+ Kxd5 52. Nxd4 1-0

[Event "GER-ch U18"]
[Site "Willingen"]
[Date "2005.05.19"]
[Round "7"]
[White "Schulz, Stefanie"]
[Black "Lang, Henry"]
[Result "1-0"]
[WhiteElo "2070"]
[BlackElo "1792"]
[PlyCount "77"]
[EventDate "2005.05.14"]
[EventType "swiss"]
[EventRounds "9"]
[EventCountry "GER"]
[SourceTitle "CBM 106 Extra"]
[Source "ChessBase"]
[SourceDate "2005.07.01"]
[SourceVersion "1"]
[SourceVersionDate "2005.07.01"]
[SourceQuality "1"]

1. g3 g6 2. Bg2 Bg7 3. c4 c5 4. Nf3 Nc6 5. Nc3 Nf6 6. 0-0 0-0 7. d4 cxd4 8. Nxd4 a6 9. e3 Qc7 10. Nde2 d6 11. h3 Rb8 12. a4 e6 13. e4 Rd8 14. Bf4 e5 15. Bg5 Be6 16. b3 h6 17. Be3 Nd7 18. Qd2 Kh7 19. Nd5 Qc8 20. b4 b5 21. cxb5 axb5 22. a5 Bxd5 23. exd5 Ne7 24. Rac1 Qa6 25. Nc3 f5 26. Rfd1 Rdc8 27. Bf1 e4 28. Bd4 Ne5 29. Bxe5 Bxe5 30. Qe3 Bf6 31. Ne2 Rxc1 32. Rxc1 Bg5 33. Nf4 Nxd5 34. Qd4 Bxf4 35. gxf4 Qb7 36. Rd1 Nxf4 37. Qxd6 g5 38. a6 Qa8 39. Qe7+ 1-0

[Event "GER-ch U18"]
[Site "Willingen"]
[Date "2005.05.16"]
[Round "4"]
[White "Dueck, Stefan"]
[Black "Lang, Henry"]
[Result "1-0"]
[WhiteElo "2049"]
[BlackElo "1792"]
[PlyCount "101"]
[EventDate "2005.05.14"]
[EventType "swiss"]
[EventRounds "9"]
[EventCountry "GER"]
[SourceTitle "CBM 106 Extra"]
[Source "ChessBase"]
[SourceDate "2005.07.01"]
[SourceVersion "1"]
[SourceVersionDate "2005.07.01"]
[SourceQuality "1"]

1. e4 e6 2. d4 d5 3. Nc3 dxe4 4. Nxe4 Nf6 5. Nxf6+ Qxf6 6. Nf3 h6 7. Bd3 c5 8. Be3 Nd7 9. 0-0 Be7 10. Bb5 0-0 11. c3 Rd8 12. Qb3 cxd4 13. Bxd4 Qf4 14. Rad1 Qc7 15. Rfe1 Nc5 16. Qc2 a6 17. Be2 b5 18. Be5 Bd6 19. Bxd6 Rxd6 20. Rxd6 Qxd6 21. Rd1 Qc7 22. c4 b4 23. Qd2 a5 24. Qd8+ Qxd8 25. Rxd8+ Kh7 26. Ne5 Bb7 27. Rxa8 Bxa8 28. Nxf7 Na4 29. Nd8 e5 30. Bd3+ Kg8 31. b3 Nc5 32. Bg6 Kf8 33. Nf7 Nd7 34. Nd6 Ke7 35. Nc8+ Kd8 36. Na7 Kc7 37. Nb5+ Kd8 38. f3 Nc5 39. Bc2 Kd7 40. Kf2 Bb7 41. Ke3 Ba6 42. Bf5+ Kd8 43. Nd6 Ke7 44. Ne4 Nxe4 45. Bxe4 Kd6 46. Bd5 Bc8 47. Ke4 Bd7 48. g3 Bh3 49. g4 Bf1 50. Kf5 Ke7 51. Kxe5 1-0

[Event "GER-ch U18"]
[Site "Willingen"]
[Date "2005.05.15"]
[Round "3"]
[White "Grimberg, Boris"]
[Black "Lang, Henry"]
[Result "1-0"]
[WhiteElo "2066"]
[BlackElo "1792"]
[PlyCount "69"]
[EventDate "2005.05.14"]
[EventType "swiss"]
[EventRounds "9"]
[EventCountry "GER"]
[SourceTitle "CBM 106 Extra"]
[Source "ChessBase"]
[SourceDate "2005.07.01"]
[SourceVersion "1"]
[SourceVersionDate "2005.07.01"]
[SourceQuality "1"]

1. d4 Nf6 2. Nf3 e6 3. e3 b6 4. Bd3 Bb7 5. Nbd2 Be7 6. 0-0 0-0 7. b3 d6 8. Bb2 Nbd7 9. c4 c5 10. Qe2 cxd4 11. exd4 d5 12. Rac1 Rc8 13. Rfd1 Re8 14. Bb1 Nf8 15. Ne5 Bd6 16. Ndf3 h6 17. Ne1 N6d7 18. N1d3 Qe7 19. Ba1 dxc4 20. bxc4 Nxe5 21. Nxe5 Bxe5 22. Qxe5 Nd7 23. Qg3 Nf6 24. Re1 Qc7 25. Qh4 b5 26. d5 e5 27. Qg3 bxc4 28. Bxe5 Qd8 29. Rcd1 Nh5 30. Qf3 Qg5 31. Qe4 f6 32. Qh7+ Kf7 33. h4 Qg4 34. f3 Qd7 35. Bg6+ 1-0

[Event "Mecklenburg VP LL1 0405"]
[Site "Mecklenburg VP"]
[Date "2005.04.10"]
[Round "8.5"]
[White "Lang, Henry"]
[Black "Jasinski, Viktor"]
[Result "1/2-1/2"]
[WhiteElo "1752"]
[BlackElo "1681"]
[PlyCount "28"]
[EventDate "2004.10.24"]
[EventType "team"]
[EventRounds "9"]
[EventCountry "GER"]
[SourceTitle "EXT 2009"]
[Source "ChessBase"]
[SourceDate "2008.11.26"]
[SourceVersion "1"]
[SourceVersionDate "2008.11.26"]
[SourceQuality "1"]
[WhiteTeam "Stralsund TSV"]
[BlackTeam "Wolgast Motor"]
[WhiteTeamCountry "GER"]
[BlackTeamCountry "GER"]

1. c4 Nf6 2. g3 c6 3. Bg2 e6 4. Nf3 d5 5. 0-0 Be7 6. a3 a5 7. Re1 Nbd7 8. cxd5 cxd5 9. Nc3 b6 10. d4 Ba6 11. a4 Bb4 12. Bd2 Qe7 13. e4 Bxc3 14. Bxc3 Nxe4 1/2-1/2

[Event "GER-ch U16"]
[Site "Willingen"]
[Date "2003.06.13"]
[Round "9"]
[White "Lang, Henry"]
[Black "Kaufmann, Benjamin"]
[Result "1/2-1/2"]
[WhiteElo "1676"]
[BlackElo "1675"]
[PlyCount "25"]
[EventDate "2003.06.08"]
[EventType "swiss"]
[EventRounds "9"]
[EventCountry "GER"]
[SourceTitle "CBM 094 Extra"]
[Source "ChessBase"]
[SourceDate "2003.07.09"]
[SourceVersion "2"]
[SourceVersionDate "2003.07.09"]
[SourceQuality "1"]

1. Nf3 d5 2. g3 Nf6 3. Bg2 e6 4. 0-0 Be7 5. d3 0-0 6. Nbd2 c5 7. c4 b6 8. e4 Bb7 9. Qe2 dxe4 10. dxe4 Nc6 11. b3 Qc7 12. Bb2 Rfd8 13. e5 1/2-1/2

[Event "GER-ch U16"]
[Site "Willingen"]
[Date "2003.06.10"]
[Round "5"]
[White "Lang, Henry"]
[Black "Victor, Silver Star"]
[Result "1/2-1/2"]
[WhiteElo "1676"]
[BlackElo "1628"]
[PlyCount "34"]
[EventDate "2003.06.08"]
[EventType "swiss"]
[EventRounds "9"]
[EventCountry "GER"]
[SourceTitle "CBM 094 Extra"]
[Source "ChessBase"]
[SourceDate "2003.07.09"]
[SourceVersion "2"]
[SourceVersionDate "2003.07.09"]
[SourceQuality "1"]

1. Nf3 Nf6 2. g3 e6 3. Bg2 d5 4. d4 Be7 5. 0-0 0-0 6. Bg5 b6 7. c4 Bb7 8. cxd5 Nxd5 9. Bxe7 Qxe7 10. Nc3 Rd8 11. a3 c5 12. e3 Nd7 13. Rc1 Rac8 14. Nxd5 exd5 15. Qa4 a6 16. Rfd1 Nf6 17. Qb3 Rd6 1/2-1/2